00973nam a2200313 i 4500001000300000003000400003005001700007008003900024015001700063020001500080040001400095041000800109080001900117080001200136100004400148245004700192250003100239260003500270300003300305490002900338504002400367650001800391650001100409655003000420658005100450710003200501830002800533856009800561bgBPK20220726094213.0000519s2000 pl a f f |001 0 pol aPB 2000/9616 a8371101899 aWA NcBPK0 apol a351/354-027.21 a(075.8)1 aLeoński, Zbigniewd(1929-2006)eAutor10aNauka administracji /cZbigniew Leoński. a2. wyd. uzup. i zaktualiz. aWarszawa :bC. H. Beck,c2000. aXII, 150 s. :bil. ;c21 cm.1 aPodręczniki Prawnicze. aBibliogr. - Indeks. 4aAdministracja 4aTeoria 4aPodręczniki akademickie aPolityka, politologia, administracja publiczna2 aWydawnictwo C.H. Beck4pbl. 0aPodręczniki Prawnicze uhttp://koha.tu.koszalin.pl/cgi-bin/koha/opac-detail.pl?biblionumber=39133yKatalog online BPK